| 000 | 00455nam a22001817a 4500 | ||
|---|---|---|---|
| 003 | NUST | ||
| 020 | _a978-81-203-3418-2 | ||
| 038 | _aKhadija | ||
| 082 |
_a670.427 _bGRO |
||
| 100 |
_aGroover, Mikell P. _986719 |
||
| 245 | _aAutomation Production Systems And Computer-Integrated Manufacturing | ||
| 250 | _a3rd ed. | ||
| 260 |
_aNew Delhi : _bPHI , _c2014. |
||
| 300 |
_a815 p. ; _b25 cm. |
||
| 500 | _aPaperback. | ||
| 563 | _aPB | ||
| 942 |
_cBK _2ddc |
||
| 999 |
_c33832 _d33832 |
||